000
00214 a2200097 4500
001
1389
100
_a
Timoshuko, S.P
245
_a
Strength of materials history of
260
_a
_b
Mcgrawhill
_c
090
_c
937
_d
937
942
_a
NUST-CAE
_c
M
_c
36233
999
_c
236462
_d
236462